Normal view
MARC view
- Price, William Frank,
Entry Personal Name
001 - CONTROL NUMBER
- control field: 20251
003 - CONTROL NUMBER IDENTIFIER
- control field: NUST
005 - DATE AND TIME OF LATEST TRANSACTION
- control field: 20190912111622.0
008 - FIXED-LENGTH DATA ELEMENTS
- fixed length control field: 190912|| aca||aabn | a|a d
040 ## - CATALOGING SOURCE
- Original cataloging agency: NUST
- Transcribing agency: NUST
100 ## - HEADING--PERSONAL NAME
- Personal name: Price, William Frank,
- Relator term: joint author.
670 ## - SOURCE DATA FOUND
- Source citation: Work cat.: (NUST)0: Uren, J. 20250, Surveying for engineers /, 2010.
